000 00248nam a22001097a 4500
082 _a821/DAR
100 _aDarshi,Darshan
_983951
245 _aBlank papers blank palms
260 _aNew Delhi
_bSahitya akademi
_c2021
650 _aPoems
942 _cBK
999 _c68966
_d68966